00648nam a22002177a 45000010005000000030009000050050017000140080041000310200018000720400038000900820016001281000023001442450084001672500012002512600043002633000045003065000020003516500016003717000022003877000021004097809BD-DhUAP20210117105659.0210105s2007 ii abf b f000 0 eng  a9780471960193 aBD-DhUAPcBD-DhUAPdBD-DhUAPbEng a657 WEY223 aWeygandt, Jerry J. aAccounting principles /cJerry J. Weygandt, Donald E. Kieso and Paul D. Kimmel. a8th ed. aIndia :bJohn Wiley & Sons, cc2007.. avarious pages :billustrations ;c28 cm. aIncludes index. aAccounting. aKieso, Donald E.  aKimmel, Paul D.